000 00200 a2200097 4500
001 18402
100 _aHeath, G.W
245 _aRapid T.V. Repair
260 _a
_bTab book co
_c
090 _c13662
_d13662
942 _aNUST-CAE
_cM
_c4072
999 _c253475
_d253475